Sports Quiz

Random Sports or Alphabet Quiz
Score 0/21 Timer 07:00
13 Plays Today
Letter Player (surname) % Correct
BBagwell, Banks, Baylor, Bell, Bellinger, Bench, Berra, Betts, Blue, Bonds, Bottomley, Boudreau, Boyer, Braun, Brett, Bryant, Burns, Burroughs
96%
RRice, Ripken, Jr., Rizzuto, Robinson (3), Rodriguez (2), Rollins, Rose, Rosen, Ruth
95.6%
MMantle, Marion, Maris, Mattingly, Mauer, Mays, McCormick, McCovey, McCutchen…
91.1%
GGarvey, Gehrig, Gehringer, Giambi, Gibson (2), González, Gordon, Greenberg, Griffey, Jr., Groat, Grove, Guerrero
88.1%
CCabrera, Camilli, Caminiti, Campanella, Canseco, Carew, Cavarretta, Cepeda, Chandler, Clemens, Clemente, Cobb, Cochrane, Collins…
87.5%
AAaron, Allen, Altuve
85.2%
JJackson, Jensen, Johnson, Jones
85.2%
WWalker, Walters, Waner, Williams, Wills
82.1%
SSandberg, Sauer, Schmidt, Schulte, Shantz, Sisler, Sosa, Speaker, Stanton, Stargell, Suzuki
80.1%
HHamilton, Harper, Hartnett, Henderson, Hernandez, Hernández, Hornsby, Howard (2), Hubbell
76%
YYastrzemski, Yelich, Yount
73%
Letter Player (surname) % Correct
PParker, Peckinpaugh, Pedroia, Pendleton, Posey, Powell, Pujols
72.3%
KKent, Kershaw, Killebrew, Klein, Konstanty, Koufax
71%
TTejada, Thomas, Torre, Trout
70.4%
VVaughn, Verlander, Versalles, Votto
66.6%
DDaubert, Dawson, Dean, DiMaggio, Donaldson, Doyle
66.5%
FFingers, Foster, Fox, Foxx, Frisch
56.8%
EEckersley, Elliott, Evers
41.1%
LLarkin, Lombardi, Lynn
31.3%
NNewcombe, Newhouser
18.8%
OO’Farrell
3.8%

You're not logged in!

Compare scores with friends on all Sporcle quizzes.
OR
Log In

Sporcle TV

Today on Sporcle TV


Watch our educational content, quiz creation guides, and fun videos on Sporcle TV.

Show Comments

Extras

Top Quizzes Today


Score Distribution

Paid Content

Your Account Isn't Verified!

In order to create a playlist on Sporcle, you need to verify the email address you used during registration. Go to your Sporcle Settings to finish the process.

Report this User

Report this user for behavior that violates our Community Guidelines.

Details: